| 000 | 00470nam a22001697a 4500 | ||
|---|---|---|---|
| 005 | 20230117113506.0 | ||
| 008 | 210227b ||||| |||| 00| 0 eng d | ||
| 020 | _a9789384875558 | ||
| 041 | _aeng | ||
| 082 | _a615.1 WAG-H | ||
| 100 |
_aWAGHMARE , SANTOSH CHANCHAL AND KUMAR AJAY _96419 |
||
| 245 | _aHEALTH EDUCATION AND COMMUNITY PHARMACY | ||
| 260 |
_aMODINAGAR _bUNNATI PUBLICATION _c2020 |
||
| 300 | _a136, P. | ||
| 650 |
_aPHARMACY _xB.PHARMA _97083 |
||
| 942 | _cBK | ||
| 999 |
_c7484 _d7482 |
||